| 000 | 01639cam a2200337 a 4500 | ||
|---|---|---|---|
| 999 |
_c8425 _d8425 |
||
| 001 | 15776319 | ||
| 003 | GZU | ||
| 005 | 20210520084947.0 | ||
| 008 | 090615s2009 nyu 000 1 eng | ||
| 010 | _a 2009024460 | ||
| 020 | _a9780099537793 (alk. paper) | ||
| 035 | _a(OCoLC)ocn290466912 | ||
| 040 |
_aDLC _cDLC _dYDX _dBTCTA _dYDXCP _dDOV _dIP6 _dABG _dGO3 _dUPZ _dCDX _dDLC |
||
| 043 | _an-us-ca | ||
| 050 | 0 | 0 |
_aPS3555. _bELL 2010 |
| 082 | 0 | 0 |
_a813/.6 _222 |
| 100 | 1 |
_aEllroy, James, _d1948- |
|
| 245 | 1 | 0 |
_aBlood's a rover : _ba novel / _cJames Ellroy. |
| 260 |
_aNew York : _bAlfred A. Knopf, _c2010 |
||
| 300 |
_a633 p. ; _c25 cm. |
||
| 490 | 1 | _aThe Underworld U.S.A. trilogy | |
| 520 | _aSummer, 1968. Martin Luther King and Robert Kennedy are dead. The assassination conspiracies have begun to unravel. A dirty-tricks squad is getting ready to deploy at the Democratic Convention in Chicago. Black militants are warring in southside L.A. The Feds are concocting draconian countermeasures. And fate has placed three men at the vortex of history. A stand-alone sequel to The Cold Six Thousand. | ||
| 650 | 0 |
_aNineteen sixties _vFiction. |
|
| 651 | 0 |
_aLos Angeles (Calif.) _vFiction. |
|
| 655 | 0 | _aNoir fiction. | |
| 655 | 0 | _aPolitical fiction. | |
| 800 | 1 |
_aEllroy, James, _d1948- _tUnderworld U.S.A. trilogy. |
|
| 906 |
_a7 _bcbc _corignew _d1 _eecip _f20 _gy-gencatlg |
||
| 942 |
_2lcc _cBK _h3555 _iELL _kPS |
||